The Maudsley deprescribing guidelines in psychiatry : (Record no. 99038)
[ view plain ]
| 000 -LEADER | |
|---|---|
| fixed length control field | 02285cam a22003618i 4500 |
| 003 - CONTROL NUMBER IDENTIFIER | |
| control field | URS |
| 005 - DATE AND TIME OF LATEST TRANSACTION | |
| control field | 20260406093200.0 |
| 008 - FIXED-LENGTH DATA ELEMENTS--GENERAL INFORMATION | |
| fixed length control field | 240213s2024 nju 001 0 eng |
| 020 ## - INTERNATIONAL STANDARD BOOK NUMBER | |
| International Standard Book Number | 978-1-11982-298-1 |
| 040 ## - CATALOGING SOURCE | |
| Language of cataloging | English |
| Description conventions | rda |
| Transcribing agency | URS |
| 050 00 - LIBRARY OF CONGRESS CALL NUMBER | |
| Classification number | RC483.3 |
| Item number | .H7853 2024 |
| 082 00 - DEWEY DECIMAL CLASSIFICATION NUMBER | |
| Classification number | 616.89/18 |
| 100 1# - MAIN ENTRY--PERSONAL NAME | |
| Personal name | Horowitz, Mark, |
| Relator term | author. |
| 245 14 - TITLE STATEMENT | |
| Title | The Maudsley deprescribing guidelines in psychiatry : |
| Remainder of title | antidepressants, benzodiazepines, gabapentinoids and z-drugs / |
| Statement of responsibility, etc | Mark Horowitz, David Taylor. |
| 246 1# - VARYING FORM OF TITLE | |
| Title proper/short title | Deprescribing guidelines in psychiatry |
| 263 ## - PROJECTED PUBLICATION DATE | |
| Projected publication date | 2406 |
| 264 #1 - PUBLICATION, DISTRIBUTION, ETC. (IMPRINT) | |
| Place of publication, distribution, etc | Hoboken, NJ : |
| Name of publisher, distributor, etc | Wiley-Blackwell, |
| Date of publication, distribution, etc | ©2024. |
| 300 ## - PHYSICAL DESCRIPTION | |
| Extent | 568 pages |
| Dimensions | 24 cm. |
| 336 ## - CONTENT TYPE | |
| Content type term | text |
| Content type code | txt |
| Source | rdacontent |
| 337 ## - MEDIA TYPE | |
| Media type term | unmediated |
| Media type code | n |
| Source | rdamedia |
| 338 ## - CARRIER TYPE | |
| Carrier type term | volume |
| Carrier type code | nc |
| Source | rdacarrier |
| 500 ## - GENERAL NOTE | |
| General note | Includes index. |
| 520 ## - SUMMARY, ETC. | |
| Summary, etc | "The term 'deprescribing' originates from geriatric medicine where polypharmacy in frail patients can cause more harm than benefit.1 Deprescribing is increasingly recognised to be a key component of good prescribing - reducing doses when they are too high, and stopping medications when they are no longer needed.2 This process cannot occur in a vacuum of theoretical concerns but should take into account the patient's health, current level of functioning and, importantly, their values and preferences.1 Deprescribing seeks to apply best practice in prescribing to the process of stopping a medication. It requires the same skill and experience as for the process of prescribing from prescribers, as well as support from pharmacists and other healthcare staff to get the best results. Importantly, it should place patients at the centre of the process to ensure medicines optimisation"-- |
| Assigning source | Provided by publisher. |
| 650 12 - SUBJECT ADDED ENTRY--TOPICAL TERM | |
| Topical term or geographic name as entry element | Mental Disorders |
| General subdivision | drug therapy |
| 650 12 - SUBJECT ADDED ENTRY--TOPICAL TERM | |
| Topical term or geographic name as entry element | Deprescriptions |
| 650 22 - SUBJECT ADDED ENTRY--TOPICAL TERM | |
| Topical term or geographic name as entry element | Psychotropic Drugs |
| General subdivision | administration & dosage |
| 650 22 - SUBJECT ADDED ENTRY--TOPICAL TERM | |
| Topical term or geographic name as entry element | Polypharmacy |
| General subdivision | prevention & control |
| 650 22 - SUBJECT ADDED ENTRY--TOPICAL TERM | |
| Topical term or geographic name as entry element | Drug-Related Side Effects and Adverse Reactions |
| General subdivision | prevention & control |
| 655 #2 - INDEX TERM--GENRE/FORM | |
| Genre/form data or focus term | Practice Guideline |
| 700 1# - ADDED ENTRY--PERSONAL NAME | |
| Personal name | Taylor, David, |
| Dates associated with a name | 1963- |
| Relator term | author. |
| 776 08 - ADDITIONAL PHYSICAL FORM ENTRY | |
| Display text | Online version: |
| Main entry heading | Horowitz, Mark. |
| Title | Maudsley deprescribing guidelines in psychiatry |
| Place, publisher, and date of publication | Hoboken, NJ : Wiley-Blackwell, 2024 |
| International Standard Book Number | 9781119823018 |
| Record control number | (DLC) 2024007104 |
| 942 ## - ADDED ENTRY ELEMENTS (KOHA) | |
| Source of classification or shelving scheme | Library of Congress Classification |
| Koha item type | Reserved Books |
| Withdrawn status | Lost status | Source of classification or shelving scheme | Damaged status | Not for loan | Collection code | Home library | Current library | Shelving location | Date acquired | Source of acquisition | Cost, normal purchase price | Total Checkouts | Full call number | Barcode | Date last seen | Copy number | Cost, replacement price | Price effective from | Koha item type |
|---|---|---|---|---|---|---|---|---|---|---|---|---|---|---|---|---|---|---|---|
| Library of Congress Classification | Non-fiction | Taytay College Library | Taytay College Library | Medicine Collection | 03/14/2026 | Purchased | 4876.00 | RC483.3 .H7853 2024 | URSTAY-6038 | 03/14/2026 | 1 | 4876.00 | 03/14/2026 | Reserved Books |